Circuitos de carreras ( Muy Facil) - Estadísticas

Estadísticas generales
  • Esta prueba ha sido intentada 13 veces
  • La puntuación promedio es 7 de 12
Estadísticas de respuestas
Imagen Respuesta % Correcto
Monza
100%
Barcelona
92%
Silverstone
83%
Spa francorchamps
83%
Indianápolis
75%
Nurburgring
75%
Interlagos
58%
Daytona
42%
Mount panorama
25%
Long beach
17%
La sarthe
8%
Watkins glen
8%
No se encontraron pruebas coincidentes
Distribución de puntuación
Porcentaje de gente con cada puntuación
Porcentaje por número respondido
Historial de tus puntuaciones
No has intentado esta prueba.